000 00469nam a2200181Ia 4500
008 141024t2012 xxu||||| |||| 00| 0 sin d
041 _asin
080 _a8 S S 3 ( Youth )
_bMAR
100 _aMarryat, Captain
245 _aවන දරුවෝ
246 _aWana Daruwo
260 _aGunasena
_aColombo
_c2012
300 _bvii,119p, 18 cm
700 _aDe Mal , Lal Premanath
_etr.
942 _cBK
999 _c42739
_d42739
003 LK-CoDNM
040 _aLK-CoDNM
_dLK-CoDNM
_eLK-CoDNM